Central Library OPAC University of Rajshahi

Advanced comprehension practice in English : (Record no. 37161)

MARC details
000 -LEADER
fixed length control field 00946nam a22002412a 4500
001 - CONTROL NUMBER
control field 37161
003 - CONTROL NUMBER IDENTIFIER
rucl marc code BD-RjUL
005 - DATE AND TIME OF LATEST TRANSACTION
control field 20211209052602.0
008 - FIXED-LENGTH DATA ELEMENTS--GENERAL INFORMATION
fixed length control field 141021s1973 enk 000 0 eng d
020 ## - INTERNATIONAL STANDARD BOOK NUMBER
International Standard Book Number 0241023858 (pbk)
035 ## - SYSTEM CONTROL NUMBER
System control number OCLC ocm16238724 from D951113M
-- (BD-RjUL)37263
040 ## - CATALOGING SOURCE
Original cataloging agency UKM
Transcribing agency UKM
Modifying agency EQO
-- BD-RjUL
Language of cataloging eng
041 ## - LANGUAGE CODE
Language code of text/sound track or separate title eng
082 ## - DEWEY DECIMAL CLASSIFICATION NUMBER
Classification number 428.24
Edition number 19
Author mark and year HUA 1973
100 1# - MAIN ENTRY--PERSONAL NAME
Personal name Huxley, Julie.
9 (RLIN) 113636
245 10 - TITLE STATEMENT
Title Advanced comprehension practice in English :
Remainder of title twenty-one specially selected passages of modern English with questions and answers on comprehension, vocabulary, grammar and usage suitable for students preparing for the Cambridge Certificate of Proficiency /
Statement of responsibility, etc. Julie Huxley
260 ## - PUBLICATION, DISTRIBUTION, ETC. (IMPRINT)
Place of publication, distribution, etc. London :
Name of publisher, distributor, etc. Hamilton ;
-- St George's Press,
Date of publication, distribution, etc. 1973.
300 ## - PHYSICAL DESCRIPTION
Pagination xiii, 145 p. ;
Size 22 cm
650 #0 - SUBJECT ADDED ENTRY--TOPICAL TERM
Topical term or geographic name as entry element English language
Form subdivision Textbooks for foreign speakers
9 (RLIN) 22763
942 ## - ADDED ENTRY ELEMENTS (KOHA)
Source of classification or shelving scheme Dewey Decimal Classification
Koha item type Books
Holdings
Lost status Source of classification or shelving scheme Damaged status Not for loan Collection code Permanent Location Current Location Shelving location Date acquired Source of acquisition Total Checkouts Full call number Date last seen Copy number Koha item type
  Dewey Decimal Classification   Not For Loan Non-fiction Institute of Biological Sciences (IBSc) Library Institute of Biological Sciences (IBSc) Library   21/10/2014 British Council   428.24 HUA 1973 21/10/2014 C-1 Books